LEADER 01124nam 2200373 450 001 9910794931503321 005 20230802001535.0 010 $a3-7369-4403-9 035 $a(CKB)4340000000201511 035 $a(MiAaPQ)EBC5023590 035 $a(EXLCZ)994340000000201511 100 $a20171003h20122012 uy 0 101 0 $aeng 135 $aurcnu|||||||| 181 $2rdacontent 182 $2rdamedia 183 $2rdacarrier 200 10$aClustering in linear and additive mixed models /$fvorgelegt von Felix Heinzl 210 1$aGottingen, [Germany] :$cCuvillier Verlag,$d2012. 210 4$d©2012 215 $a1 online resource (177 pages) $cillustrations 311 $a3-95404-403-X 320 $aIncludes bibliographical references. 606 $aExpectation-maximization algorithms 615 0$aExpectation-maximization algorithms. 676 $a519.544 700 $aHeinzl$b Felix$01489932 801 0$bMiAaPQ 801 1$bMiAaPQ 801 2$bMiAaPQ 906 $aBOOK 912 $a9910794931503321 996 $aClustering in linear and additive mixed models$93710868 997 $aUNINA LEADER 01439nas 2200361 n 450 001 990008972140403321 005 20240229084429.0 011 $a0018-215X 035 $a000897214 035 $aFED01000897214 035 $a(Aleph)000897214FED01 035 $a000897214 091 $2CNR$aP 00076960 100 $a20090724a19489999km-y0itaa50------ba 101 0 $aspa 102 $aES 110 $aauu-------- 200 1 $aHispania sacra 207 1$a1948- 210 $aBarcelona$cConsejo Superior de Investigaciones Cientificas. Instituto Enrique Flórez 530 0 $aHispania sacra 675 $a27 712 02$aInstituto Enrique Flórez 801 0$aIT$bACNP$c20090723 859 4 $uhttp://acnp.cib.unibo.it/cgi-ser/start/it/cnr/dc-p1.tcl?catno=50605&person=false&language=ITALIANO&libr=&libr_th=unina1$zBiblioteche che possiedono il periodico 901 $aSE 912 $a990008972140403321 958 $aBRAU. Biblioteca di Ricerca di Area Umanistica$b1951-1952;1977-$c1983;$eSPAGNA 12$fFLFBC 959 $aFLFBC 996 $aHispania sacra$9796253 997 $aUNINA AP1 8 $6866-01$aNA072 BRAU. Biblioteca di Ricerca di Area Umanistica$bSPAGNA 12$ePiazza Bellini 56/60, 80133 Napoli (NA)$m(081) 2533948$nit AP2 40$aacnp.cib.unibo.it$nACNP Italian Union Catalogue of Serials$uhttp://acnp.cib.unibo.it/cgi-ser/start/it/cnr/df-p.tcl?catno=50605&language=ITALIANO&libr=&person=&B=1&libr_th=unina&proposto=NO